00345nam a2200121Ia 4500008004100000020001800041100001800059245004000077260002900117300001500146650002500161650003700186191111s9999 xx 000 0 und d a9781474296786 aHuppatz, D.J. cD.J Huppatz.--aModern asian design aUSA :bBloomsburryc2018 a255 pages. aasia -- civilization aDesign -- social aspects -- asia